000 00297nam a22001337a 4500
008 170307b xxu||||| |||| 00| 0 eng d
020 _a9781416028840
041 _aeng
080 _23 ED
_a611
100 _a6
101 _aSHM
245 _aHUMAN BODY HEALTH ILLNES
_cHERLLIHY.B
942 _2udc
_cBK
999 _c7020
_d7020